عرض عادي عرض مارك
  • Problems and exercises.

مدخل تقسيم شكلي

عدد التسجيلات المستخدمة في: 1

001 - رقم الضبط

  • حقل الضبط: 88216

003 - معرف رقم الضبط

  • حقل الضبط: OSt

005 - تاريخ ووقت أخر عملية

  • حقل الضبط: 20210304172241.0

008 - عناصر بيانات ثابتة الطول

  • حقل تحكم ثابت الطول: 210304|| aca||aabn | a|a d

040 ## - مصدر الفهرسة

  • هيئة الفهرسة الأصلية: OSt
  • وكالة الكتابة: OSt

155 ## - الراس-نوع ادبي/مصطلح شكلي

  • النوع الادبي/المصطلح الشكلي: Problems and exercises.

670 ## - بيانات المصدر موجوده

  • الاستشهاد بالمصدر: Work cat.: (OSt)0: Squires, G. L. (Gordon Leslie) 88214, Problems in quantum mechanics with solutions /